00955nam a2200229 i 4500001000700000003000900007007000300016008004100019080001100060080001400071100005200085245019900137260006400336300002200400500002900422650002800451650004400479700002800523852003300551999001900584952012200603105520ES-MaACLt|060721s1967 fr ||||1| fre d a657.47 a330.831.81 aBujarin, Nikolai Ivanovich, d1888-1938924237012aL'economie politique du rentier b: la théorie de la valeur et du profit de l'école autrichienne (critique de l'économie marginaliste) / cNicolas Boukharine ; préface de Pierre Naville. aParis : bEtudes et Documentation Internationales, c[1967] a204 p. ; c21 cm. aBiblioteca Juan Andrade.14aValor añadido.91772814aEscuela austriaca de economía.9124051 aNaville, Pierre.985234 aES-MaACLjAND-336 bR.109641 c105520d105520 00104070aATENEOMbATENEOMcDEPO2d2008-01-17eSCl0oAND-336p1110169r2023-02-23 00:00:00w2023-02-23yMONOGRAFIA